Avatar: The Last Airbender Episodes Quiz Stats

 Plays Quiz Updated Dec 27, 2019

Support Sporcle.
Go Orange.
Score 0/61 Timer 10:00
14 Plays Today
Book Title % Correct
WaterThe Boy in the Iceberg
92.2%
FireSozin's Comet (Part Four): Avatar Aang
87%
FireSozin's Comet (Part One): The Phoenix King
86.1%
FireSozin's Comet (Part Two): The Old Masters
85.9%
FireSozin's Comet (Part Three): Into the Inferno
85.7%
WaterThe Southern Air Temple
83.8%
FireThe Day of Black Sun (Part One): The Invasion
81.8%
EarthThe Blind Bandit
81.7%
FireThe Day of Black Sun (Part Two): The Eclipse
81.6%
EarthThe Tales of Ba Sing Se
79.5%
EarthThe Library
78.2%
EarthZuko Alone
77.6%
FireThe Boiling Rock (Part One)
77.5%
FireThe Boiling Rock (Part Two)
77.5%
WaterThe Northern Air Temple
77.4%
FireThe Western Air Temple
77%
EarthThe Secret of the Fire Nation (Part Two): The Drill
77%
EarthThe Secret of the Fire Nation (Part One): The Serpent's Pass
76.2%
EarthThe Desert
75.8%
WaterJet
75.6%
FireThe Ember Island Players
75.6%
EarthAppa's Lost Days
75.3%
WaterThe Winter Solstice (Part One): The Spirit World
74.9%
WaterThe Winter Solstice (Part Two): Avatar Roku
74.8%
WaterThe Siege of the North (Part One)
74.6%
WaterThe Siege of the North (Part Two)
74.6%
EarthThe Avatar State
73.4%
EarthThe Swamp
72.9%
EarthThe Cave of Two Lovers
71%
FireThe Headband
70.2%
WaterThe Waterbending Scroll
70%
Book Title % Correct
WaterThe Avatar Returns
69.9%
FireThe Painted Lady
69.8%
EarthThe Crossroads of Destiny
69.1%
WaterThe Great Divide
68.8%
FireThe Beach
68.8%
EarthThe Earth King
68.7%
WaterThe Warriors of Kyoshi
68.7%
WaterThe Blue Spirit
67.9%
FireThe Awakening
67.5%
FireThe Southern Raiders
67.4%
FireSokka's Master
67.1%
EarthLake Laogai
67%
WaterThe King of Omashu
66.7%
EarthThe Guru
66.6%
EarthAvatar Day
66.3%
EarthReturn to Omashu
66.2%
WaterThe Waterbending Master
66.1%
EarthThe Chase
66%
FireThe Firebending Masters
65.2%
WaterThe Storm
64.7%
FireThe Puppetmaster
64.3%
FireNightmares and Daydreams
63.7%
WaterThe Fortuneteller
60.8%
WaterThe Deserter
60%
FireThe Runaway
59.6%
FireThe Avatar and the Fire Lord
59.3%
EarthCity of Walls and Secrets
58.7%
EarthBitter Work
58.4%
WaterBato of the Water Tribe
58.4%
WaterImprisoned
56.1%

You're not logged in!

Compare scores with friends on all Sporcle quizzes.
OR
Log In

From the Vault

'B' American History Figures

by william2

'I shall never do a man's work for less than a man's pay.'
Remove Ads.
Support Sporcle.
Get the best of Sporcle when you Go Orange. This ad-free experience offers more features, more stats, and more fun while also helping to support Sporcle. Thank you for becoming a member.

Show Comments

Extras

Top Quizzes Today


Score Distribution

Your Account Isn't Verified!

In order to create a playlist on Sporcle, you need to verify the email address you used during registration. Go to your Sporcle Settings to finish the process.

Report this User

Report this user for behavior that violates our Community Guidelines.

Details: